| 000 | 01051nam a22003137a 4500 | ||
|---|---|---|---|
| 003 | CHAP | ||
| 005 | 20220329141653.0 | ||
| 008 | 971013s1969 pe r 00010 spa d | ||
| 010 | _a71946 | ||
| 011 | _a72918 | ||
| 035 | _a82475 | ||
| 040 | _cCHAP | ||
| 082 | 0 | 4 |
_a630.7 _bG3 |
| 100 | 0 | 0 |
_aGarcés O., Carlos. _945665 |
| 245 | 1 | _aBases y procedimientos para la acreditación de la educación agrícola superior en la zona andina | |
| 260 |
_aLima : _bIICA, _c(1969) |
||
| 300 | _a(s.p.) | ||
| 490 |
_aIICA. Publicación _v; 12 |
||
| 590 |
_aBATCH-UPD _b10 _c20130110 _lUCH01 _h0723 |
||
| 590 |
_aBATCH-UPD _b10 _c20130410 _lUCH01 _h0407 |
||
| 590 |
_aBATCH-UPD _b10 _c20130914 _lUCH01 _h1242 |
||
| 590 |
_aCONVERSION _b10 _c20130109 _lUCH01 _h1339 |
||
| 650 | 1 | 4 |
_aEducación agrícola _zAmérica Latina. _935549 |
| 830 | 0 |
_aIICA. Publicación _v; 12 _957382 |
|
| 901 | _aBK | ||
| 942 | _cLIBRO | ||
| 949 |
_a630.7 G3 _bBC _cLIBRO _d33724000032090 _eLIBRO _h39860 _i82475 _mD _si |
||
| 949 |
_a630.7 G3 _bBC _cLIBRO _d33724000032108 _eLIBRO _fc.2 _h73328 _i82475 _si |
||
| 999 |
_c71946 _d71946 |
||